Преображение Господне (Запись № 12322330)

Подробности
000 -МАРКЕР
контрольное поле 02680nam0a2200385 4500
001 - ИДЕНТИФИКАТОР ЗАПИСИ
контрольное поле RU\NLR\BIBL_A\012821873
005 - ИДЕНТИФИКАТОР ВЕРСИИ
контрольное поле 20260406011913.0
010 ## - МЕЖДУНАРОДНЫЙ СТАНДАРТНЫЙ НОМЕР КНИГИ (ISBN)
Номер (ISBN) 978-5-6046783-8-1
Тираж 1000
021 ## - НОМЕР ГОСУДАРСТВЕННОЙ РЕГИСТРАЦИИ
Код страны российская федерация
Номер 2022-16017
Номер Листа государственной регистраци КН-П-1376
035 ## - ДРУГИЕ СИСТЕМНЫЕ НОМЕРА
Идентификатор записи (RuMoRGB)011008347
035 ## - ДРУГИЕ СИСТЕМНЫЕ НОМЕРА
Идентификатор записи (NLR Aleph) 012821873
100 ## - ДАННЫЕ ОБЩЕЙ ОБРАБОТКИ
Данные общей обработки 20220620d2022 |||y0rusy50 ca
101 0# - ЯЗЫК РЕСУРСА
Язык текста, звукозаписи и т.д. русский
102 ## - СТРАНА ПУБЛИКАЦИИ ИЛИ ПРОИЗВОДСТВА
Страна публикации российская федерация
105 ## - ПОЛЕ КОДИРОВАННЫХ ДАННЫХ: ТЕКСТОВЫЕ МАТЕРИАЛЫ, МОНОГРАФИЧЕСКИЕ
Кодированные данные о монографическом текстовом документе y w 000zy
181 #0 - ПОЛЕ КОДИРОВАННЫХ ДАННЫХ: ВИД СОДЕРЖАНИЯ
Код вида содержания (ISBD) i
Код характеристики содержания (ISBD) axxe
182 #0 - ПОЛЕ КОДИРОВАННЫХ ДАННЫХ: ТИП СРЕДСТВА
Код типа средства (ISBD) n - непосредственное
200 1# - ЗАГЛАВИЕ И СВЕДЕНИЯ ОБ ОТВЕТСТВЕННОСТИ
Основное заглавие Преображение Господне
Сведения, относящиеся к заглавию последование богослужения. Для клироса и мирян
Первые сведения об ответственности сост.: Соколова О. А.
Последующие сведения об ответственности под редакцией Алексея Сергеевича Кашкина, кандидата богословия, преподавателя, доцента
203 ## - ВИД СОДЕРЖАНИЯ И ТИП СРЕДСТВА
Вид содержания Текст
Дополнительные сведения об издании визуальный
Тип средства непосредственный
210 ## - ПУБЛИКАЦИЯ, РАСПРОСТРАНЕНИЕ И ДР.
Место издания, распространения и т.д. Москва
Имя издателя, распространителя и т. д. Успенский храм
-- Синопсисъ
Дата издания, распространения и т.д. 2022
215 ## - ФИЗИЧЕСКАЯ ХАРАКТЕРИСТИКА
Специфическое обозначение материала и объем 71, [1] с.
Размеры 29
330 ## - РЕЗЮМЕ ИЛИ РЕФЕРАТ
Текст примечания В книге содержится последование Всенощного бдения праздника Преображения Господня, а также изменяемые песнопения праздничной Литургии. Двухцветная печать, традиционная для богослужебных изданий, облегчает визуальное восприятие. Неизменяемые нотные песнопения и текст чтеца набраны средним шрифтом, а изменяемые песнопения - укрупненным, с ударениями и разметкой для пения. Текст службы сопровождают указания, которые помогут регенту на богослужении, а также примечания, отображающие приходские традиции
606 1# - НАИМЕНОВАНИЕ ТЕМЫ КАК ПРЕДМЕТ
Наименование темы Богослужебные книги православные
Системный номер авторитетной/нормативной записи 930216
Идентификатор авторитетной/нормативной записи RU\NLR\AUTH\6623829
606 1# - НАИМЕНОВАНИЕ ТЕМЫ КАК ПРЕДМЕТ
Наименование темы Преображение Господне
Системный номер авторитетной/нормативной записи 2528801
Идентификатор авторитетной/нормативной записи RU\NLR\AUTH\661497988
686 2# - ИНДЕКСЫ ДРУГИХ КЛАССИФИКАЦИЙ
Индекс Э372.24-507
686 2# - ИНДЕКСЫ ДРУГИХ КЛАССИФИКАЦИЙ
Индекс Э372.24-503.182.12
702 #1 - ИМЯ ЛИЦА - ВТОРИЧНАЯ ОТВЕТСТВЕННОСТЬ
Код отношения Составитель
Графика поля Кириллица
Материалы, к которым относится поле rus
Начальный элемент ввода Соколова
Часть имени, кроме начального элемента ввода О. А.
Дополнения к именам, кроме дат православный писатель
Расширение инициалов личного имени Ольга А.
Системный номер авторитетной/нормативной записи 129257
Идентификатор авторитетной/нормативной записи RU\NLR\AUTH\770129288
702 #1 - ИМЯ ЛИЦА - ВТОРИЧНАЯ ОТВЕТСТВЕННОСТЬ
Код отношения Редактор
Материалы, к которым относится поле rus
Графика поля Кириллица
Начальный элемент ввода Кашкин
Часть имени, кроме начального элемента ввода А. С.
Даты 1978-
Расширение инициалов личного имени Алексей Сергеевич
Идентификатор авторитетной/нормативной записи RU\NLR\AUTH\77117395
Системный номер авторитетной/нормативной записи 100320
942 ## - ДОПОЛНИТЕЛЬНЫЕ ЭЛЕМЕНТЫ ЗАПИСИ (АБИС)
Тип экземпляра АБИС Книга
980 ## - КОЛЛЕКЦИЯ
Название коллекции Национальная библиография
Экземпляры
Тип экземпляра Дата поступления Источник поступления Библиотека постоянного хранения Библиотека текущего хранения Место хранения Шифр хранения Штрих-код Статус не для выдачи
Книга 20.06.2022 Обязательный экземпляр РНБ (Московский) РНБ (Московский) Русский книжный фонд: издания с 1957 года, 8этаж, Хран. 2022-8/2209 1-3865473  
Книга 20.06.2022 Обязательный экземпляр РНБ (Московский) РНБ (Московский) Обменный фонд   1-3865474